[Event "ICS rated standard match"]
[Site "204.178.125.65"]
[Date "2000.07.23"]
[Round "?"]
[White "Mungo"]
[Black "Hossa"]
[Result "1-0"]
[WhiteElo "2588"]
[BlackElo "2332"]
[PlyCount "163"]
[EventDate "2000.??.??"]

1. e4 c5 2. Nf3 Nc6 3. d4 cxd4 4. Nxd4 e6 5. Nb5 d6 6. c4 Nf6 7. N1c3 a6 8. Na3
Be7 9. Be2 O-O 10. O-O b6 11. Be3 Bb7 12. Qb3 Nd7 13. Rfd1 Nc5 14. Qc2 Bf6 15.
Rac1 Qc7 16. f3 Be5 17. Qd2 f5 18. exf5 Rxf5 19. Nc2 Raf8 20. b4 Nd7 21. b5 Nd8
22. bxa6 Bxc3 23. Qxc3 Bxa6 24. Qd2 Nf7 25. Nd4 Rf6 26. c5 Bxe2 27. cxd6 Qxd6
28. Nxe2 Qxd2 29. Rxd2 Nfe5 30. Rc7 R6f7 31. Rd6 b5 32. Rxe6 Ra8 33. Bd4 Ng6
34. Rc2 Rf5 35. Rd2 Rf7 36. Nc3 Nf4 37. Rd6 b4 38. Ne4 Nf8 39. Bc5 Rb7 40. Kf2
N4e6 41. Bb6 h6 42. Kg3 Ra3 43. Bf2 Rb5 44. Bb6 Ng5 45. Nxg5 Rxg5+ 46. Kf2 Rb5
47. Kf1 b3 48. axb3 Rbxb3 49. Kf2 Ra8 50. Bc5 Rc3 51. Bd4 Rc1 52. Rb2 Ra5 53.
Rd8 Rf5 54. Ke3 Re1+ 55. Kd2 Rh1 56. Rb7 Rg5 57. Rbb8 Rf5 58. Bc3 Rxh2 59. Ke3
Rxg2 60. Bb4 Kh7 61. Rxf8 Rxf8 62. Bxf8 Kg6 63. Rb7 Kh7 64. f4 Rg3+ 65. Kf2 Rg6
66. Kf3 Rg1 67. Bc5 Rf1+ 68. Ke4 Re1+ 69. Kd5 Re8 70. f5 Rd8+ 71. Ke4 Re8+ 72.
Kf4 Kh8 73. Bd4 Rg8 74. f6 Rd8 75. Bb2 h5 76. Rxg7 Rf8 77. Kf5 Rd8 78. f7 Rd5+
79. Kg6 Rd6+ 80. Bf6 Rxf6+ 81. Kxf6 h4 82. f8=Q# {Hossa checkmated} 1-0

[Event "ICS rated standard match"]
[Site "204.178.125.65"]
[Date "2000.07.23"]
[Round "?"]
[White "Hossa"]
[Black "JZInsomniac"]
[Result "1/2-1/2"]
[WhiteElo "2326"]
[BlackElo "2605"]
[PlyCount "115"]
[EventDate "2000.??.??"]

1. e4 c5 2. Nf3 e6 3. d4 cxd4 4. Nxd4 Nf6 5. Nc3 d6 6. Bc4 Nc6 7. Bg5 Be7 8.
O-O O-O 9. Be2 Nxd4 10. Qxd4 Nxe4 11. Nxe4 Bxg5 12. Nxg5 Qxg5 13. Qxd6 Rd8 14.
Qb4 a5 15. Qe4 f5 16. Qe5 Rd5 17. Qc7 Qd8 18. Qc3 Bd7 19. Bc4 Rc8 20. a4 b5 21.
axb5 Bxb5 22. b3 Bxc4 23. bxc4 Rd4 24. Qxa5 Qxa5 25. Rxa5 Rcxc4 26. Re5 Rxc2
27. Rxe6 Kf7 28. Rfe1 h5 29. g3 Rdd2 30. Re7+ Kg6 31. R7e6+ Kg5 32. h4+ Kg4 33.
Rg6+ Kh3 34. Rf1 Rd4 35. Rxg7 f4 36. gxf4 Rxf4 37. Rg2 Kxh4 38. Kh1 Rc3 39. Rg3
Rff3 40. Rfg1 Rcd3 41. Kh2 Ra3 42. Kh1 Rab3 43. R1g2 Rxg3 44. Rxg3 Rb4 45. Kg2
Rf4 46. f3 Rd4 47. Rh3+ Kg5 48. f4+ Kg6 49. Rg3+ Kf6 50. Rg5 h4 51. Rg4 Kf5 52.
Rxh4 Rd1 53. Kg3 Ra1 54. Kf3 Rb1 55. Kg3 Ra1 56. Kf3 Rb1 57. Kg3 Ra1 58. Kf3
1/2-1/2

[Event "ICS rated blitz match"]
[Site "204.178.125.65"]
[Date "2000.07.23"]
[Round "?"]
[White "QueenMaxima"]
[Black "Hossa"]
[Result "0-1"]
[WhiteElo "2568"]
[BlackElo "2446"]
[PlyCount "164"]
[EventDate "2000.??.??"]

1. d4 Nf6 2. Bf4 g6 3. Nf3 d6 4. e3 Bg7 5. h3 O-O 6. Nbd2 Nd5 7. Bg5 h6 8. Bh4
c5 9. Bc4 Nb6 10. Bb3 a5 11. O-O a4 12. Bc4 a3 13. b3 Nxc4 14. bxc4 cxd4 15.
exd4 Nc6 16. c3 Bf5 17. Qe2 Qc7 18. Rae1 Rfe8 19. d5 Na5 20. Nd4 Bd7 21. Rb1
Rac8 22. Rfe1 g5 23. Bg3 Qc5 24. Qe4 b5 25. Nxb5 Nxc4 26. Qxc4 Qxc4 27. Nxc4
Rxc4 28. Bxd6 exd6 29. Rxe8+ Bxe8 30. Nxd6 Rxc3 31. Nxe8 Rd3 32. d6 Rd2 33. Rb7
Rxa2 34. Nxg7 Kxg7 35. d7 Rd2 36. Ra7 Rd1+ 37. Kh2 a2 38. Rxa2 Rxd7 39. Kg3
Rd3+ 40. f3 Rd6 41. Kf2 Rb6 42. Ke3 Rb7 43. Kd4 Rd7+ 44. Ke5 Rd1 45. Rc2 Ra1
46. Kf5 Rb1 47. Re2 Rb6 48. Re5 Rb2 49. g3 Rh2 50. Re8 Rxh3 51. Kg4 Rh1 52. Kf5
Rb1 53. Re5 Rf1 54. Re3 Rc1 55. Re5 Rd1 56. Re8 Rg1 57. g4 Rf1 58. Re3 Ra1 59.
Re8 Ra4 60. Re4 Ra5+ 61. Re5 Rxe5+ 62. Kxe5 Kg6 63. Ke4 f5+ 64. Ke5 fxg4 65.
fxg4 h5 66. gxh5+ Kxh5 67. Kf5 g4 68. Kf4 Kh4 69. Ke3 g3 70. Ke2 Kg4 71. Ke1
Kf4 72. Ke2 Ke4 73. Ke1 Ke3 74. Kf1 Kf3 75. Ke1 g2 76. Kd2 Ke4 77. Kc3 g1=Q 78.
Kc4 Qd4+ 79. Kb5 Kd5 80. Ka6 Kc6 81. Ka5 Qe4 82. Ka6 Qa4# 0-1

[Event "ICS rated blitz match"]
[Site "204.178.125.65"]
[Date "2000.07.23"]
[Round "?"]
[White "Hossa"]
[Black "QueenMaxima"]
[Result "1-0"]
[WhiteElo "2467"]
[BlackElo "2547"]
[PlyCount "163"]
[EventDate "2000.??.??"]

1. e4 c5 2. Nf3 e6 3. d4 cxd4 4. Nxd4 Nc6 5. Nc3 Qc7 6. g3 d6 7. Ndb5 Qb8 8.
Bf4 e5 9. Be3 a6 10. Na3 Nf6 11. Nd5 Nxd5 12. exd5 Ne7 13. Nc4 Nf5 14. Bb6 Be7
15. c3 O-O 16. Bg2 Bd7 17. Ba5 Bb5 18. Nb6 Bd8 19. a4 Bxb6 20. Bxb6 Bd7 21. O-O
a5 22. Re1 Rc8 23. Bf1 Rf8 24. c4 Ne7 25. b3 Nc8 26. Be3 Ne7 27. Qh5 Bf5 28. f4
f6 29. Bb6 Bg6 30. Qg4 Re8 31. Qe6+ Kh8 32. Qd7 Nf5 33. Qc7 Qxc7 34. Bxc7 Nd4
35. Bxd6 Nf3+ 36. Kg2 Nxe1+ 37. Rxe1 exf4 38. Rxe8+ Rxe8 39. gxf4 Bc2 40. Bc7
Bxb3 41. Bxa5 Ra8 42. Bb6 Rxa4 43. d6 Bxc4 44. Bxc4 Rxc4 45. d7 Rc2+ 46. Kf3
Rd2 47. d8=R+ Rxd8 48. Bxd8 f5 49. Ke3 Kg8 50. Kd4 Kf7 51. Bc7 Ke6 52. Kc5 Kd7
53. Be5 g6 54. Kb6 Ke6 55. Kxb7 g5 56. Kc6 h5 57. Bc7 gxf4 58. Bxf4 h4 59. h3
Kf6 60. Kd5 Kg6 61. Ke5 Kh5 62. Be3 Kg6 63. Bb6 f4 64. Kxf4 Kf6 65. Bd8+ Ke6
66. Bxh4 Kd5 67. Kf5 Kd4 68. Bf2+ Kd5 69. h4 Kd6 70. h5 Ke7 71. h6 Kf8 72. Kf6
Kg8 73. Bc5 Kh7 74. Kg5 Kg8 75. Kg6 Kh8 76. Bd4+ Kg8 77. h7+ Kf8 78. h8=Q+ Ke7
79. Qc8 Kd6 80. Kf6 Kd5 81. Bb6 Ke4 82. Qf5# 1-0

[Event "ICS rated blitz match"]
[Site "204.178.125.65"]
[Date "2000.07.23"]
[Round "?"]
[White "Hossa"]
[Black "Amateur"]
[Result "0-1"]
[WhiteElo "2487"]
[BlackElo "2594"]
[PlyCount "154"]
[EventDate "2000.??.??"]

1. e4 e5 2. Bc4 Nf6 3. d3 Nc6 4. Nf3 d5 5. exd5 Nxd5 6. O-O Be7 7. Re1 Qd6 8.
Bb5 f6 9. d4 exd4 10. Nxd4 Bd7 11. Nxc6 Bxc6 12. Bxc6+ Qxc6 13. Qh5+ Kf8 14. c3
Bd6 15. Rd1 Re8 16. a4 Re4 17. a5 Re5 18. Qg4 Qe8 19. Kf1 Re4 20. Qf3 c6 21. b3
Rh4 22. Re1 Qg6 23. h3 Kf7 24. Na3 Bh2 25. c4 Nb4 26. g3 Rxh3 27. Re3 Rd8 28.
Kg2 Rh5 29. Qf4 Na6 30. Bb2 Kf8 31. Rf3 Nc5 32. Bc3 Ne6 33. Qe3 Qg4 34. Kf1
Qh3+ 35. Ke2 Re8 36. Kd1 Nc5 37. Qd2 Ne4 38. Qd3 Nxc3+ 39. Kc2 Ne4 40. Re1 Rhe5
41. Qf1 Qxf1 42. Rxf1 Rxa5 43. b4 Rh5 44. Nb1 c5 45. bxc5 Rxc5 46. Nd2 Nxd2 47.
Kxd2 Re7 48. Kd3 a5 49. Rf4 Rh5 50. Rd4 Rf5 51. Rd8+ Kf7 52. g4 Rf3+ 53. Kc2
Re4 54. Rd7+ Kg6 55. Rxb7 Rxg4 56. Kd1 Rxc4 57. Ke2 Rff4 58. f3 a4 59. Rd7 a3
60. Rh1 Rc2+ 61. Ke3 Rfc4 62. Rd4 R4c3+ 63. Rd3 Bf4+ 64. Kxf4 Rxd3 65. Ke4 Rb3
66. Rf1 a2 67. Rg1+ Kf7 68. Ra1 Ke6 69. Kf4 Rb1 70. Rxa2 g5+ 71. Ke4 Rxa2 72.
Kd4 Rd1+ 73. Kc4 Rc1+ 74. Kb3 Ra8 75. f4 Rb8+ 76. Ka2 gxf4 77. Ka3 Ra1# {
Hossa checkmated} 0-1

[Event "ICS rated blitz match"]
[Site "204.178.125.65"]
[Date "2000.07.23"]
[Round "?"]
[White "QueenMaxima"]
[Black "Hossa"]
[Result "1-0"]
[WhiteElo "2527"]
[BlackElo "2476"]
[PlyCount "70"]
[EventDate "2000.??.??"]

1. d4 Nf6 2. Bf4 g6 3. Nf3 d6 4. e3 Bg7 5. h3 O-O 6. Nbd2 c5 7. Be2 Nc6 8. c3
cxd4 9. exd4 Nd5 10. Bg3 Bh6 11. O-O Bd7 12. Re1 Nf4 13. Bc4 Na5 14. Bf1 Rc8
15. Bh4 Re8 16. Bg5 Bxg5 17. Nxg5 h6 18. Nge4 Qc7 19. Qf3 d5 20. Nc5 Bc6 21. g3
Nh5 22. Qe3 g5 23. h4 gxh4 24. Qxh6 hxg3 25. Qxh5 Qf4 26. fxg3 Qxg3+ 27. Bg2
Nc4 28. Nxc4 dxc4 29. d5 Bxd5 30. Qxd5 Rcd8 31. Qxc4 Rd2 32. Re2 Rdd8 33. Rf1
Qg7 34. Nxb7 Rc8 35. Qd4 e5 {Hossa resigns} 1-0

[Event "ICS rated blitz match"]
[Site "204.178.125.65"]
[Date "2000.07.23"]
[Round "?"]
[White "Hossa"]
[Black "QueenMaxima"]
[Result "1-0"]
[WhiteElo "2462"]
[BlackElo "2541"]
[PlyCount "109"]
[EventDate "2000.??.??"]

1. e4 c5 2. Nf3 e6 3. d4 cxd4 4. Nxd4 Nc6 5. Nc3 Qc7 6. g3 d6 7. Ndb5 Qb8 8.
Bf4 e5 9. Be3 a6 10. Na3 Nf6 11. Nd5 Be6 12. Nxf6+ gxf6 13. Nc4 Qd8 14. a4 Rc8
15. Nb6 Rb8 16. Nd5 f5 17. Bb6 Qg5 18. h4 Qg6 19. h5 Qg5 20. exf5 Bxf5 21. Bg2
Be7 22. h6 Bd8 23. Be3 Qg6 24. Rc1 Be4 25. Rg1 Bxg2 26. Rxg2 Qe4 27. f3 Qxa4
28. b3 Qa5+ 29. Rd2 Nd4 30. c4 Nf5 31. Ba7 Ra8 32. b4 Qa3 33. Ra1 Qxa1 34. Qxa1
Rxa7 35. Qa4+ b5 36. cxb5 O-O 37. bxa6 Bg5 38. b5 Bxd2+ 39. Kxd2 Nd4 40. b6
Raa8 41. b7 Kh8 42. bxa8=Q Rxa8 43. Nb6 Rg8 44. a7 Nf5 45. a8=Q Nxh6 46. Q8c6
Rxg3 47. Qxd6 Rg6 48. Qe8+ Ng8 49. Qdxe5+ f6 50. Q5e7 Rg2+ 51. Kd3 Rg6 52. Nd5
f5 53. Qe5+ Rg7 54. Qxg8+ Kxg8 55. Qe8# 1-0

[Event "ICS rated blitz match"]
[Site "204.178.125.65"]
[Date "2000.07.23"]
[Round "?"]
[White "Amateur"]
[Black "Hossa"]
[Result "1-0"]
[WhiteElo "2604"]
[BlackElo "2482"]
[PlyCount "143"]
[EventDate "2000.??.??"]

1. e4 c5 2. Nf3 Nc6 3. Bb5 d6 4. Nc3 a6 5. Bxc6+ bxc6 6. d4 cxd4 7. Qxd4 e5 8.
Qb4 a5 9. Qa4 Bd7 10. Be3 Nf6 11. Bg5 Rb8 12. O-O-O Rb4 13. Qa3 Qc7 14. Bxf6
gxf6 15. Rd3 Rg8 16. g3 Qa7 17. Rhd1 Bg4 18. h3 Bxh3 19. Rh1 Bd7 20. Rh2 f5 21.
exf5 Bxf5 22. Re3 Be7 23. Rh5 Bg4 24. Rxh7 Bf5 25. Rh5 Bg6 26. Nxe5 Bxh5 27.
Nxc6 Qa6 28. Rxe7+ Kf8 29. Qxa5 Qxa5 30. Nxa5 Kxe7 31. Nc6+ Ke6 32. Nxb4 Bf3
33. a4 Rb8 34. Nd3 Kd7 35. b4 Ke7 36. a5 Rc8 37. Kd2 f6 38. b5 d5 39. a6 d4 40.
Na4 Re8 41. b6 Kd6 42. Ndc5 Re2+ 43. Kd3 Re1 44. Kxd4 Rd1+ 45. Nd3 Rb1 46. c4
Ke7 47. c5 Rh1 48. b7 Rh8 49. Nb6 Bxb7 50. axb7 Rb8 51. Nd5+ Kd7 52. N3b4 Rxb7
53. c6+ Kc8 54. cxb7+ Kxb7 55. Ke4 f5+ 56. Kxf5 Kc8 57. Ke6 Kd8 58. Nf6 Kc7 59.
g4 Kb7 60. g5 Kb6 61. Nbd5+ Kc5 62. Nd7+ Kd4 63. g6 Kc4 64. g7 Kd3 65. Ne5+ Kc2
66. g8=Q Kd2 67. Qg5+ Kd1 68. Qg4+ Kc2 69. Qc4+ Kb1 70. Nb4 Kb2 71. Ned3+ Ka3
72. Qa2# {Hossa checkmated} 1-0

[Event "ICS rated standard match"]
[Site "204.178.125.65"]
[Date "2000.07.23"]
[Round "?"]
[White "foreest"]
[Black "Hossa"]
[Result "0-1"]
[WhiteElo "2102"]
[BlackElo "2337"]
[PlyCount "35"]
[EventDate "2000.??.??"]

1. c4 e5 2. Nc3 Nf6 3. g3 d5 4. cxd5 Nxd5 5. Bg2 Nb6 6. d3 Be7 7. a3 O-O 8. Nf3
Nc6 9. O-O Bf5 10. b4 a6 11. Be3 Qd7 12. Rc1 Bh3 13. Ne4 Bxg2 14. Kxg2 Nd5 15.
Bc5 Qg4 16. e3 f5 17. Bxe7 fxe4 18. dxe4 {foreest resigns} 0-1

[Event "ICS rated standard match"]
[Site "204.178.125.65"]
[Date "2000.07.23"]
[Round "?"]
[White "Hossa"]
[Black "chesscuban"]
[Result "0-1"]
[WhiteElo "2344"]
[BlackElo "2044"]
[PlyCount "114"]
[EventDate "2000.??.??"]

1. e4 c5 2. Nf3 Nc6 3. Bb5 g6 4. O-O Bg7 5. Bxc6 dxc6 6. h3 e5 7. d3 Qe7 8. Be3
f6 9. a3 Be6 10. Nc3 Nh6 11. Nd2 O-O 12. Qe2 f5 13. Bxh6 Bxh6 14. Nf3 f4 15.
Nxe5 Bxh3 16. Nf3 Bg4 17. Rfe1 Rad8 18. Rac1 Bg7 19. Rb1 h5 20. Ra1 Bxc3 21.
bxc3 g5 22. Rab1 b6 23. a4 Bxf3 24. Qxf3 g4 25. Qd1 Qh4 26. Qe2 g3 27. Qf3 Rd6
28. a5 b5 29. a6 Rg6 30. e5 Kh8 31. fxg3 Rxg3 32. Qe4 Rfg8 33. Red1 Qg5 34. Kf1
Rxg2 35. Rd2 Rxd2 36. Ke1 Qg1+ 37. Kxd2 Rg2+ 38. Qxg2 Qxg2+ 39. Kc1 Qg1+ 40.
Kb2 Qxb1+ 41. Kxb1 f3 42. Kc1 f2 43. Kd2 f1=Q 44. Ke3 Kg7 45. e6 Kf6 46. e7
Kxe7 47. c4 bxc4 48. dxc4 h4 49. Kd2 h3 50. Kc3 h2 51. Kd2 h1=Q 52. Kc3 Qhf3+
53. Kb2 Q1d1 54. c3 Qfd3 55. Ka2 Q1b1+ 56. Ka3 Qxc3+ 57. Ka4 Qcb4# {
Hossa checkmated} 0-1

[Event "ICS rated bullet match"]
[Site "204.178.125.65"]
[Date "2000.07.23"]
[Round "?"]
[White "Hossa"]
[Black "JSBach"]
[Result "1-0"]
[WhiteElo "2495"]
[BlackElo "2025"]
[PlyCount "89"]
[EventDate "2000.??.??"]

1. d4 d5 2. c4 dxc4 3. Nf3 Nc6 4. d5 Na5 5. Qa4+ c6 6. Bd2 Qb6 7. Bc3 Nf6 8. e3
Bf5 9. Bxa5 Qxb2 10. Bc3 Qc1+ 11. Qd1 Qxd1+ 12. Kxd1 Ne4 13. Ke1 cxd5 14. Nd4
Bg6 15. Nb5 Kd8 16. Be5 f6 17. Bc7+ Ke8 18. f3 Nc5 19. Bb6 Ne6 20. Bxa7 Bf7 21.
N1c3 Rd8 22. Bb6 Rd7 23. Rd1 Bg6 24. Nxd5 Kf7 25. Bxc4 Bc2 26. Rd2 Ba4 27. Ndc7
Bb3 28. axb3 Rxd2 29. Kxd2 f5 30. Nxe6 Kf6 31. Bd4+ Kg6 32. Bd5 h5 33. Bxb7 Kf7
34. Nbc7 Rg8 35. Bd5 Kg6 36. Nf4+ Kh7 37. Bxg8+ Kxg8 38. Nfe6 g6 39. Ra1 Bh6
40. Ra8+ Kf7 41. Rh8 Bxe3+ 42. Kxe3 f4+ 43. Kxf4 g5+ 44. Kxg5 h4 45. Nd8# {
JSBach checkmated} 1-0

[Event "ICS Rated standard match"]
[Site "204.178.125.65"]
[Date "2000.07.23"]
[Round "?"]
[White "PostModernist"]
[Black "Hossa"]
[Result "1/2-1/2"]
[WhiteElo "2353"]
[BlackElo "2341"]
[PlyCount "208"]
[EventDate "2000.??.??"]

1. e4 e5 2. Bc4 Nf6 3. d3 Nc6 4. Nc3 Bb4 5. Bd2 Na5 6. Nf3 Nxc4 7. dxc4 d6 8.
Nd5 Bxd2+ 9. Nxd2 Nd7 10. O-O O-O 11. a4 a5 12. Qh5 b6 13. Rfe1 Nc5 14. b3 f5
15. Rad1 fxe4 16. Nxe4 Nxe4 17. Rxe4 Bf5 18. Re2 Be6 19. c3 Rf7 20. f3 Ra7 21.
Rb2 c6 22. Ne3 Rad7 23. Rf2 Qe7 24. h4 Rf6 25. Qg5 Qf8 26. h5 Rc7 27. Rfd2 Bc8
28. Ng4 Bxg4 29. Qxg4 Qe7 30. Qg5 Rd7 31. Qe3 Rb7 32. Qe4 Qc7 33. Re2 Rb8 34.
Ra2 Rbf8 35. Rad2 Re8 36. Rd3 Rd8 37. Qe3 Qa7 38. R3d2 Qb7 39. Qg5 Rd7 40. Qg4
Qa7 41. Kh2 Rd8 42. Re2 Re8 43. Kh1 Qc7 44. Kg1 Re7 45. Re4 Qb8 46. Qh4 Ref7
47. Rg4 Rh6 48. Qg5 Kh8 49. Re4 Rhf6 50. Qe3 Qa7 51. Rg4 Rf8 52. Rh4 Rh6 53.
Rh3 Qb7 54. Qe4 Qc8 55. Qh4 Qc7 56. Kh2 Qd7 57. Qe4 Rf5 58. Qg4 Rhf6 59. Kg1
Qc7 60. Rd3 Rf4 61. Qg5 Kg8 62. Rh4 R6f5 63. Qg3 Qe7 64. Rh3 Rf6 65. Re3 Qa7
66. Qf2 Rh6 67. Re4 Rf5 68. g4 Rf7 69. f4 Rhf6 70. f5 Rf8 71. Rd3 Qb8 72. Re2
Qc7 73. Rd1 R8f7 74. Qg2 Re7 75. Re3 Re8 76. Re4 Qf7 77. Ree1 Qd7 78. Qh1 Qc7
79. Re2 Qb7 80. Qe4 Ref8 81. b4 axb4 82. cxb4 Qa8 83. Ra2 Qc8 84. b5 c5 85. a5
bxa5 86. Rxa5 Re8 87. Qd5+ Kh8 88. Rda1 Rff8 89. Ra8 Qxa8 90. Rxa8 Rxa8 91.
Qxd6 Rfd8 92. Qxe5 Ra2 93. Qe1 Rda8 94. Qe4 Rd8 95. Qf3 Rad2 96. Qc3 Ra2 97.
Qc1 Rda8 98. Qf4 Rd8 99. Qf1 Rad2 100. Qf4 Ra2 101. Qf1 Rad2 102. Qf4 Ra2 103.
Qc1 Rda8 104. Qf4 Rd8 1/2-1/2

[Event "ICS Rated blitz match"]
[Site "204.178.125.65"]
[Date "2000.07.23"]
[Round "?"]
[White "PostModernist"]
[Black "Hossa"]
[Result "1-0"]
[WhiteElo "2597"]
[BlackElo "2471"]
[PlyCount "87"]
[EventDate "2000.??.??"]

1. d4 Nf6 2. c4 e6 3. Nf3 b6 4. g3 Ba6 5. b3 Bb4+ 6. Bd2 Be7 7. Bg2 Bb7 8. Nc3
O-O 9. O-O d5 10. cxd5 exd5 11. Ne5 Nbd7 12. Bf4 c6 13. Qc2 Nxe5 14. dxe5 Nd7
15. Bh3 Nc5 16. Bf5 g6 17. Bh3 Re8 18. Rfd1 Bf8 19. Qd2 Qe7 20. b4 Ne6 21. b5
Nxf4 22. gxf4 Rad8 23. bxc6 Bxc6 24. Bg2 Qh4 25. Nxd5 Bxd5 26. Bxd5 Qg4+ 27.
Kh1 Qh4 28. e3 Rd7 29. Qe2 Red8 30. Qf3 Kh8 31. Bb3 b5 32. Rxd7 Rxd7 33. f5 Bg7
34. f6 Bf8 35. Rc1 Qb4 36. Rc8 Rd3 37. Qf4 Rd8 38. Rxd8 Qc5 39. Qh6 Qc6+ 40.
Kg1 Qc1+ 41. Kg2 Qc6+ 42. Kg3 Qf3+ 43. Kxf3 Kg8 44. Rxf8# {Hossa checkmated}
1-0

[Event "ICS Rated standard match"]
[Site "204.178.125.65"]
[Date "2000.07.23"]
[Round "?"]
[White "Hossa"]
[Black "Amateur"]
[Result "0-1"]
[WhiteElo "2342"]
[BlackElo "2426"]
[PlyCount "154"]
[EventDate "2000.??.??"]

1. e4 c6 2. d4 d5 3. Nc3 dxe4 4. Nxe4 Nf6 5. Nxf6+ gxf6 6. c3 Be6 7. Nf3 Nd7 8.
Bd3 Qa5 9. Bf4 Bg7 10. O-O Qh5 11. Nd2 Qxd1 12. Rfxd1 O-O-O 13. Ne4 h5 14. Ng3
h4 15. Nf5 Bf8 16. Ne3 h3 17. gxh3 Rxh3 18. Bg3 Rh5 19. f4 Bh3 20. Bf1 Bxf1 21.
Kxf1 e6 22. Kf2 Be7 23. Rab1 Nb6 24. c4 Ra5 25. c5 Na8 26. Kf3 Rxa2 27. Nc2 Nc7
28. Nb4 Ra4 29. Nc2 Rc4 30. Rdc1 Nb5 31. Bf2 Bf8 32. b3 Rc3+ 33. Be3 Be7 34.
Kf2 e5 35. dxe5 fxe5 36. fxe5 Bxc5 37. Bxc5 Rxc5 38. Ne1 Rxe5 39. Nf3 Rf5 40.
Rf1 Rd3 41. Kg2 c5 42. Rb2 Nd4 43. Nxd4 Rxf1 44. Kxf1 cxd4 45. b4 f5 46. Ra2 a6
47. Ra5 Rb3 48. Rc5+ Kb8 49. b5 d3 50. Ke1 a5 51. Rxf5 a4 52. Rf4 a3 53. Ra4
Kc7 54. Ra8 Kb6 55. h4 Kxb5 56. Kd2 Kc4 57. Ra4+ Kd5 58. Ke3 b5 59. Ra6 b4 60.
h5 Kc4 61. Rc6+ Kb5 62. Rc1 d2+ 63. Kxd2 a2 64. h6 Rb1 65. h7 Rxc1 66. h8=Q
a1=Q 67. Qe8+ Rc6 68. Ke2 Qf6 69. Qh5+ Kb6 70. Qh3 Qb2+ 71. Kf3 Qb3+ 72. Kg2
Rg6+ 73. Qg4 Rxg4+ 74. Kf2 Qc2+ 75. Kf3 Qe4+ 76. Kf2 Rg2+ 77. Kf1 Qe2# {
Hossa checkmated} 0-1

[Event "ICS Rated standard match"]
[Site "204.178.125.65"]
[Date "2000.07.23"]
[Round "?"]
[White "Tinker"]
[Black "Hossa"]
[Result "1/2-1/2"]
[WhiteElo "2231"]
[BlackElo "2330"]
[PlyCount "223"]
[EventDate "2000.??.??"]

1. e4 e5 2. d4 exd4 3. Qxd4 Nc6 4. Qe3 Nf6 5. Nf3 Be7 6. Bd3 d5 7. e5 Nd7 8.
O-O Nc5 9. Bb5 O-O 10. Bxc6 bxc6 11. Nd4 Qd7 12. Nc3 f6 13. Nf3 Ne6 14. exf6
Bxf6 15. Ne2 c5 16. Ne5 Qd6 17. Ng4 Bg5 18. Qe5 Bxc1 19. Raxc1 Ba6 20. Rfe1 h5
21. Qxd6 cxd6 22. Ne3 d4 23. Nf1 d3 24. cxd3 Bxd3 25. Rc3 c4 26. Ne3 Rae8 27.
Rcc1 Nc5 28. Nd4 a6 29. Nf3 Rb8 30. Nxc4 Bxc4 31. Rxc4 Rxb2 32. Rd4 Rf6 33. Ra1
Rc2 34. Rd5 g6 35. Nd2 Kf7 36. Rd4 g5 37. f3 h4 38. Nc4 h3 39. Nxd6+ Kg6 40.
gxh3 Rxf3 41. h4 Rh3 42. hxg5 Rhxh2 43. Rg4 Rxa2 44. Rxa2 Rxa2 45. Rf4 Nd3 46.
Rf3 Ne5 47. Rf6+ Kh5 48. Rf5 Ng4 49. Ne4 Kg6 50. Rf4 Ne3 51. Rf6+ Kg7 52. Re6
Nd5 53. Nf6 Nf4 54. Ne8+ Kg8 55. Rf6 Nd5 56. Rf5 Ne3 57. Rf3 Rg2+ 58. Kh1 Re2
59. g6 Re1+ 60. Kh2 Nc2 61. Nf6+ Kg7 62. Rg3 Re5 63. Nd7 Re2+ 64. Rg2 Rxg2+ 65.
Kxg2 Kxg6 66. Kg3 Kf5 67. Kf2 a5 68. Nb6 Ke4 69. Kf1 Kd3 70. Kg1 Ke2 71. Kh1
Kf2 72. Kh2 Nd4 73. Kh1 Nf3 74. Na4 Kf1 75. Nc5 Ng5 76. Kh2 Kf2 77. Kh1 Nh3 78.
Kh2 Nf4 79. Kh1 Nd5 80. Kh2 Kf3 81. Kg1 Ne3 82. Kh1 Kf2 83. Kh2 Nc4 84. Kh1 Nd2
85. Kh2 Kf3 86. Kg1 Ne4 87. Na4 Ng3 88. Kh2 Ne2 89. Kh1 Kg3 90. Nb2 Nc3 91. Kg1
Kf3 92. Kf1 Ke4 93. Ke1 Kd4 94. Kf1 Nd5 95. Ke2 Kc3 96. Na4+ Kb4 97. Nb2 Nf4+
98. Kd1 Kb3 99. Kc1 Ne2+ 100. Kb1 Nc3+ 101. Ka1 Kc2 102. Nc4 a4 103. Nb2 a3
104. Nd1 Nb5 105. Nf2 Kb3 106. Ne4 Nd4 107. Nc5+ Kc4 108. Nb7 Kb4 109. Kb1 Nb5
110. Ka1 Nd4 111. Kb1 Nb5 112. Ka1 1/2-1/2

[Event "ICS rated blitz match"]
[Site "204.178.125.65"]
[Date "2000.07.24"]
[Round "?"]
[White "Hossa"]
[Black "QueenMaxima"]
[Result "0-1"]
[WhiteElo "2461"]
[BlackElo "2518"]
[PlyCount "190"]
[EventDate "2000.??.??"]

1. e4 c5 2. Nf3 e6 3. d4 cxd4 4. Nxd4 Nc6 5. Nc3 Qc7 6. g3 d6 7. Ndb5 Qb8 8.
Bf4 e5 9. Be3 a6 10. Na3 Nf6 11. Nd5 Nxd5 12. exd5 Nd8 13. Nc4 Bf5 14. Nb6 Ra7
15. c3 Ke7 16. g4 Bg6 17. Qa4 Qc7 18. Be2 f6 19. f4 exf4 20. Nc8+ Qxc8 21. Bxa7
Nf7 22. Qxf4 Ne5 23. O-O-O h5 24. Rde1 Kf7 25. gxh5 Bxh5 26. Bxh5+ Rxh5 27. Kc2
Qh3 28. Qe4 Rh4 29. Qe2 Qf5+ 30. Kb3 Nd3 31. Qe6+ Qxe6 32. Rxe6 Rh5 33. c4 b5
34. Re3 Nf4 35. Rf1 bxc4+ 36. Kxc4 Nxd5 37. Re2 Nc7 38. Kd3 Rh3+ 39. Kc2 d5 40.
Bb6 Bd6 41. Bg1 Ne6 42. Kd1 Rd3+ 43. Rd2 Rxd2+ 44. Kxd2 Be5 45. Kc2 Ke7 46. a4
g5 47. b4 Kd6 48. b5 axb5 49. axb5 d4 50. Rb1 Nc5 51. b6 Kc6 52. Rb4 Na6 53.
Rc4+ Kb5 54. Rxd4 Bxd4 55. Bxd4 f5 56. Kd2 Kc6 57. Kc3 Nb8 58. Kb4 Nd7 59. Ka5
f4 60. Ka6 Kd5 61. Bg1 g4 62. b7 g3 63. Ka7 Ne5 64. Kb6 Nd7+ 65. Kb5 g2 66. Ka6
Kd6 67. Ka7 Kc7 68. h4 Kd6 69. h5 Ke6 70. h6 Kf7 71. Ka6 Kg6 72. Kb5 Kxh6 73.
Ba7 Kg6 74. Kc6 Nb8+ 75. Bxb8 g1=Q 76. Bxf4 Qg2+ 77. Kc7 Qc2+ 78. Kb8 Kf5 79.
Bc7 Qc6 80. Kc8 Qe8+ 81. Bd8 Ke6 82. Kc7 Qd7+ 83. Kb6 Qxd8+ 84. Kb5 Kd5 85. Kb4
Qc7 86. b8=Q Qxb8+ 87. Kc3 Qh8+ 88. Kd3 Qh3+ 89. Ke2 Ke4 90. Kd2 Qe3+ 91. Kc2
Qd3+ 92. Kb2 Kd4 93. Kc1 Qe2 94. Kb1 Kc3 95. Kc1 Qc2# {Hossa checkmated} 0-1

[Event "ICS rated standard match"]
[Site "204.178.125.65"]
[Date "2000.07.24"]
[Round "?"]
[White "BrazilianMaster"]
[Black "Hossa"]
[Result "1/2-1/2"]
[WhiteElo "2410"]
[BlackElo "2326"]
[PlyCount "34"]
[EventDate "2000.??.??"]

1. e4 e5 2. f4 exf4 3. Nf3 g5 4. Nc3 g4 5. Ne5 Qh4+ 6. g3 fxg3 7. Qxg4 g2+ 8.
Qxh4 gxh1=Q 9. Qh5 Nh6 10. d3 d6 11. Nd5 Na6 12. Bxh6 Be6 13. Nf6+ Ke7 14. Nd5+
Ke8 15. Nf6+ Ke7 16. Nd5+ Ke8 17. Nf6+ Ke7 1/2-1/2

[Event "ICS rated standard match"]
[Site "204.178.125.65"]
[Date "2000.07.24"]
[Round "?"]
[White "Hossa"]
[Black "BrazilianMaster"]
[Result "0-1"]
[WhiteElo "2330"]
[BlackElo "2406"]
[PlyCount "93"]
[EventDate "2000.??.??"]

1. d4 Nf6 2. Nf3 d5 3. g3 c6 4. Nbd2 Bf5 5. Nh4 Bg4 6. Bg2 e6 7. h3 Bh5 8. g4
Nfd7 9. Ndf3 Be7 10. Nf5 exf5 11. gxh5 Nf6 12. h6 g6 13. c3 Nbd7 14. Bf4 Nh5
15. Bh2 f4 16. Qd2 Bg5 17. Nxg5 Qxg5 18. Bf3 Ndf6 19. Qc2 O-O-O 20. c4 Qxh6 21.
cxd5 Nxd5 22. Qc5 a6 23. Bg1 Rhe8 24. Qa5 Nhf6 25. O-O-O Qh4 26. Kb1 Ne4 27.
Rc1 Nc7 28. Rc4 f5 29. Rh2 Nb5 30. Qb4 Ng5 31. Bxc6 bxc6 32. Rxc6+ Kd7 33. Rxa6
Rb8 34. a4 Nc7 35. Qd6+ Kc8 36. Rc6 Rb7 37. Qf6 f3 38. e3 Qe4+ 39. Rc2 Rb4 40.
Qc6 Qxc6 41. Rxc6 Kd7 42. Rc1 Reb8 43. Rc2 Rxa4 44. Rc1 Rba8 45. Rh1 Ne4 46.
Bh2 Nd5 47. Kc2 {Hossa resigns} 0-1

[Event "ICS rated standard match"]
[Site "204.178.125.65"]
[Date "2000.07.24"]
[Round "?"]
[White "PostModernist"]
[Black "Hossa"]
[Result "1/2-1/2"]
[WhiteElo "2346"]
[BlackElo "2317"]
[PlyCount "163"]
[EventDate "2000.??.??"]

1. d4 Nf6 2. c4 e6 3. Nf3 b6 4. g3 Ba6 5. b3 Bb4+ 6. Bd2 Bxd2+ 7. Qxd2 Ne4 8.
Qc2 Bb7 9. Bg2 Na6 10. a3 c5 11. Nc3 Nxc3 12. Qxc3 Qf6 13. O-O cxd4 14. Qxd4
Qxd4 15. Nxd4 Bxg2 16. Kxg2 Nc5 17. Rfd1 a6 18. a4 Kf8 19. b4 Ne4 20. f3 Nf6
21. a5 bxa5 22. Rxa5 Ke7 23. e4 Rhc8 24. e5 Ne8 25. b5 axb5 26. Rxa8 Rxa8 27.
Nxb5 Ra2+ 28. Kh3 f6 29. exf6+ gxf6 30. Nc3 Rc2 31. Na4 Nd6 32. Nb6 f5 33. f4
h6 34. Rd3 Nxc4 35. Rxd7+ Kf6 36. Rc7 Ne3 37. Rxc2 Nxc2 38. Kg2 Ne3+ 39. Kf3
Nf1 40. h3 Nd2+ 41. Ke3 Nf1+ 42. Kf2 Nd2 43. g4 Ke7 44. Ke3 Nf1+ 45. Ke2 Ng3+
46. Kf3 Ne4 47. h4 Nd2+ 48. Ke2 Ne4 49. Ke3 Kd6 50. g5 hxg5 51. fxg5 e5 52. Kf3
Ke6 53. Nc4 Kd5 54. Na5 Ke6 55. Nc6 Kd5 56. Nd8 Kd6 57. Kg2 Ke7 58. Nc6+ Kd6
59. Nb4 Nc5 60. Kf2 Ne6 61. Nd3 e4 62. Nb2 f4 63. Nc4+ Kd5 64. Nb2 Kd4 65. Ke2
Ng7 66. Nd1 Nf5 67. g6 e3 68. h5 Ng3+ 69. Ke1 Nxh5 70. Ke2 Ng7 71. Kf3 Ne6 72.
Ke2 Ke4 73. Nc3+ Ke5 74. Kf3 Kf5 75. g7 Nxg7 76. Nd5 Ke5 77. Nxf4 Kd4 78. Ke2
Nf5 79. Kf3 Nh4+ 80. Ke2 Ke4 81. Nd5 Nf3 82. Nxe3 1/2-1/2